| 000 | 01075cam a22002894a 4500 | ||
|---|---|---|---|
| 001 | 14197074 | ||
| 005 | 20220326193323.0 | ||
| 008 | 051212s2005 bl a bc 000 0dpor | ||
| 010 | _a 2005456995 | ||
| 020 | _a8588742144 | ||
| 040 |
_aDLC _cDLC |
||
| 041 | 0 |
_apor _aeng |
|
| 042 |
_apcc _alcode |
||
| 082 |
_a730 _bA 811a |
||
| 100 | 0 |
_aAscanio MMM, _d1941- _92666 |
|
| 110 |
_aAndrea Jakobsson Estudio Editorial Ltda. _92667 |
||
| 245 | 1 | 0 |
_aAscanio MMM / _c[textos, Paulo Sergio Duarte ... et al. ; versao inglesa de textos, Paulo Henriques Brito]. |
| 260 |
_aRio de Janeiro, RJ, Brasil : _bAndrea Jakobsson Estúdio, _cc2005. |
||
| 300 |
_a252 p. : _bill. (chiefly col.) ; _c30 cm. |
||
| 504 | _aIncludes bibliographical references (p. 221-225). | ||
| 546 | _aPortuguese and English. | ||
| 600 | 0 | 0 |
_aAscanio MMM, _d1941- _xThemes, motives. _92668 |
| 650 |
_xAscanio MMM,1941-tema, motivo _xEscultura _zBrasil _92669 |
||
| 700 | 1 |
_aDuarte, Paulo Sergio. _92440 |
|
| 906 |
_a7 _bcbc _corigode _d2 _encip _f20 _gy-gencatlg |
||
| 999 |
_c595 _d595 |
||